<?xml version="1.0" encoding="UTF-8"?>
<record
    xmlns:xsi="http://www.w3.org/2001/XMLSchema-instance"
    xsi:schemaLocation="http://www.loc.gov/MARC21/slim http://www.loc.gov/standards/marcxml/schema/MARC21slim.xsd"
    xmlns="http://www.loc.gov/MARC21/slim">

  <leader>01281nam0a22003851  4500</leader>
  <controlfield tag="001">RU\NLR\A1SV\4015</controlfield>
  <controlfield tag="005">20251203171251.9</controlfield>
  <datafield tag="035" ind1=" " ind2=" ">
    <subfield code="a">(NLR Aleph) 009690019</subfield>
  </datafield>
  <datafield tag="090" ind1=" " ind2=" ">
    <subfield code="a">9732393</subfield>
    <subfield code="c">9732393</subfield>
  </datafield>
  <datafield tag="100" ind1=" " ind2=" ">
    <subfield code="a">19980204d1926    u  y0rusy50      ca</subfield>
  </datafield>
  <datafield tag="101" ind1="1" ind2=" ">
    <subfield code="a">rus</subfield>
    <subfield code="c">fre</subfield>
  </datafield>
  <datafield tag="102" ind1=" " ind2=" ">
    <subfield code="a">RU</subfield>
  </datafield>
  <datafield tag="200" ind1="1" ind2=" ">
    <subfield code="a">&#x413;&#x43E;&#x445;&#x430;-&#x434;&#x443;&#x440;&#x430;&#x43A;</subfield>
    <subfield code="e">[&#x420;&#x43E;&#x43C;&#x430;&#x43D;]</subfield>
    <subfield code="e">&#x41F;&#x435;&#x440;. &#x441; &#x444;&#x440;.</subfield>
    <subfield code="f">&#x410;&#x434;&#x435;&#x441; &#x438; &#x418;&#x43E;&#x441;&#x438;&#x43F;&#x43E;&#x432;&#x438;&#x447;&#x438;</subfield>
    <subfield code="g">&#x41F;&#x440;&#x435;&#x434;&#x438;&#x441;&#x43B;. &#x41E;&#x43A;&#x442;&#x430;&#x432;&#x430; &#x41C;&#x438;&#x440;&#x431;&#x43E;</subfield>
  </datafield>
  <datafield tag="210" ind1=" " ind2=" ">
    <subfield code="a">&#x41B;.</subfield>
    <subfield code="c">&#x41A;&#x43D;. &#x43D;&#x43E;&#x432;&#x438;&#x43D;&#x43A;&#x438;</subfield>
    <subfield code="d">1926</subfield>
  </datafield>
  <datafield tag="215" ind1=" " ind2=" ">
    <subfield code="a">232, [3] &#x441;.</subfield>
    <subfield code="d">20 &#x441;&#x43C;</subfield>
  </datafield>
  <datafield tag="300" ind1=" " ind2=" ">
    <subfield code="a">&#x41D;&#x430; &#x43E;&#x431;&#x43B;. &#x430;&#x432;&#x442;.: &#x410;.&#x410;&#x434;&#x435;&#x441; &#x438; &#x410;.&#x418;&#x43E;&#x437;&#x438;&#x43F;&#x43E;&#x432;&#x438;&#x447;&#x438;</subfield>
  </datafield>
  <datafield tag="300" ind1=" " ind2=" ">
    <subfield code="a">&#x41F;&#x435;&#x440;. &#x442;&#x430;&#x43A;&#x436;&#x435; &#x43F;&#x43E;&#x434; &#x437;&#x430;&#x433;&#x43B;.: "&#x41A;&#x43D;&#x438;&#x433;&#x430; &#x43E; &#x413;&#x43E;&#x445;&#x435;-&#x434;&#x443;&#x440;&#x430;&#x43A;&#x435;", "&#x41A;&#x43D;&#x438;&#x433;&#x430; &#x43E; &#x43F;&#x440;&#x43E;&#x441;&#x442;&#x435;&#x446;&#x435; &#x413;&#x43E;&#x430;"</subfield>
  </datafield>
  <datafield tag="620" ind1=" " ind2=" ">
    <subfield code="d">&#x421;&#x430;&#x43D;&#x43A;&#x442;-&#x41F;&#x435;&#x442;&#x435;&#x440;&#x431;&#x443;&#x440;&#x433;</subfield>
  </datafield>
  <datafield tag="700" ind1=" " ind2="1">
    <subfield code="a">&#x410;&#x434;&#x435;&#x441;</subfield>
    <subfield code="b">&#x410;.</subfield>
    <subfield code="f">1893-1921</subfield>
    <subfield code="g">&#x410;&#x43B;&#x44C;&#x431;&#x435;&#x440;&#x442;</subfield>
  </datafield>
  <datafield tag="701" ind1=" " ind2="1">
    <subfield code="a">&#x418;&#x43E;&#x441;&#x438;&#x43F;&#x43E;&#x432;&#x438;&#x447;&#x438;</subfield>
    <subfield code="b">&#x410;.</subfield>
    <subfield code="f">1892-1932</subfield>
    <subfield code="g">&#x410;&#x43B;&#x44C;&#x431;&#x435;&#x440;&#x442;</subfield>
  </datafield>
  <datafield tag="702" ind1=" " ind2="1">
    <subfield code="a">&#x41C;&#x438;&#x440;&#x431;&#x43E;</subfield>
    <subfield code="b">&#x41E;.</subfield>
    <subfield code="f">1848-1917</subfield>
    <subfield code="g">&#x41E;&#x43A;&#x442;&#x430;&#x432;</subfield>
  </datafield>
  <datafield tag="801" ind1=" " ind2="0">
    <subfield code="a">RU</subfield>
    <subfield code="b">NLR</subfield>
    <subfield code="c">19980204</subfield>
  </datafield>
  <datafield tag="899" ind1=" " ind2=" ">
    <subfield code="a">&#x420;&#x41D;&#x411;</subfield>
    <subfield code="j">22/888</subfield>
  </datafield>
  <datafield tag="899" ind1=" " ind2=" ">
    <subfield code="a">&#x420;&#x41A;&#x41F;</subfield>
  </datafield>
  <datafield tag="899" ind1=" " ind2=" ">
    <subfield code="a">&#x41C;&#x413;&#x423;</subfield>
  </datafield>
  <datafield tag="899" ind1=" " ind2=" ">
    <subfield code="a">&#x421;&#x41E;&#x423;&#x41D;&#x411;</subfield>
  </datafield>
  <datafield tag="899" ind1=" " ind2=" ">
    <subfield code="a">&#x420;&#x413;&#x411;</subfield>
  </datafield>
  <datafield tag="899" ind1=" " ind2=" ">
    <subfield code="a">&#x413;&#x411; &#x420;&#x423;&#x437;.</subfield>
  </datafield>
  <datafield tag="899" ind1=" " ind2=" ">
    <subfield code="a">&#x41A;&#x438;&#x440;&#x41E;&#x423;&#x41D;&#x411;</subfield>
  </datafield>
  <datafield tag="899" ind1=" " ind2=" ">
    <subfield code="a">&#x421;&#x430;&#x43C;&#x41E;&#x423;&#x41D;&#x411;</subfield>
  </datafield>
  <datafield tag="942" ind1=" " ind2=" ">
    <subfield code="c">BOOK</subfield>
  </datafield>
  <datafield tag="980" ind1=" " ind2=" ">
    <subfield code="a">NB</subfield>
  </datafield>
  <datafield tag="980" ind1=" " ind2=" ">
    <subfield code="a">A1SV</subfield>
  </datafield>
  <datafield tag="980" ind1=" " ind2=" ">
    <subfield code="a">A1SV</subfield>
  </datafield>
  <datafield tag="995" ind1=" " ind2=" ">
    <subfield code="5">2021-05-18</subfield>
    <subfield code="b">NLR02</subfield>
    <subfield code="c">NLR02</subfield>
    <subfield code="e">RFS</subfield>
    <subfield code="f">ERR-210669</subfield>
    <subfield code="k">22/888</subfield>
    <subfield code="o">0</subfield>
    <subfield code="r">BOOK</subfield>
    <subfield code="s">22888_</subfield>
  </datafield>
  <datafield tag="995" ind1=" " ind2=" ">
    <subfield code="5">2021-05-18</subfield>
    <subfield code="b">NLR02</subfield>
    <subfield code="c">NLR02</subfield>
    <subfield code="e">RFS</subfield>
    <subfield code="f">1-3376442</subfield>
    <subfield code="k">22/888&#x430;</subfield>
    <subfield code="o">0</subfield>
    <subfield code="r">BOOK</subfield>
    <subfield code="s">22888_</subfield>
  </datafield>
</record>
